Roadmap A1: Workbook with key and online audio\

Guardado en:
Detalles Bibliográficos
Autor principal: Richardson, Anna (Autor)
Formato: Libro
Lenguaje:eslovaco
Publicado: Harlow: Pearson Educationn Limited; 2021.
Acceso en línea:Ver en el OPAC
Etiquetas: Agregar Etiqueta
Sin Etiquetas, Sea el primero en etiquetar este registro!

MARC

LEADER 00000nam a22000007a 4500
003 SK-BrSCK
005 20260127134426.0
008 250107b2021 enga|||| |||| 00| 0 slo d
020 |a 9781292227733 
040 |a SK-BrSCK  |b slo  |c SK-BrSCK 
100 |a Richardson, Anna  |e aut.  |9 2445 
245 |a Roadmap A1:  |b Workbook with key and online audio\  |c Anna Richardson 
260 |a Harlow:  |b Pearson Educationn Limited;  |c 2021. 
300 |a 80 s.:  |b ill.;  |c 29,5 cm. 
942 |2 udc  |c 14 
999 |c 12508  |d 12508